Catálogo
 En Linea

Estado y constitución : (Registro nro. 51261)

Detalles MARC
000 -CABECERA
campo de control de longitud fija 02239nam a22003737a 4500
003 - IDENTIFICADOR DEL NÚMERO DE CONTROL
campo de control DO-SdBNP
005 - FECHA Y HORA DE LA ÚLTIMA TRANSACCIÓN
campo de control 20240528102200.0
007 - CAMPO FIJO DE DESCRIPCIÓN FÍSICA--INFORMACIÓN GENERAL
campo de control de longitud fija ta
008 - DATOS DE LONGITUD FIJA--INFORMACIÓN GENERAL
campo de control de longitud fija 220131b2019 dr ad||| |||| 00| 0 spa d
020 ## - NÚMERO INTERNACIONAL ESTÁNDAR DEL LIBRO
Número Internacional Estándar del Libro 9789945904116
040 ## - FUENTE DE LA CATALOGACIÓN
Centro catalogador/agencia de origen DO-SdBNP
Lengua de catalogación spa
Centro/agencia transcriptor BNPHU
082 #4 - NÚMERO DE LA CLASIFICACIÓN DECIMAL DEWEY
Número de clasificación 342.7293
Número de documento/Ítem F363e
Número de edición 22
100 1# - ENTRADA PRINCIPAL--NOMBRE DE PERSONA
Nombre de persona Fernández Vidal, Shyam David
9 (RLIN) 81046
245 10 - MENCIÓN DE TÍTULO
Título Estado y constitución :
Resto del título derechos sociales y la reelección presidencial /
Mención de responsabilidad, etc. Shyam David Fernández Vidal, Tiaggo Marrero Peralto, Amaury A. Reyes-Torres, Manuel Alejandro Rodriguez ; presentación y colección dirigida por Ramonina Brea ; edición al cuidado de Brennedy Acevedo, Betzaida Calzado.
260 ## - PUBLICACIÓN, DISTRIBUCIÓN, ETC.
Lugar de publicación, distribución, etc. Santo Domingo :
Nombre del editor, distribuidor, etc. Pontificia Universidad Católica Madre y Maestra,
-- Centro Universitario de Estudios Políticos y Sociales (CUEPS),
Fecha de publicación, distribución, etc. 2019.
300 ## - DESCRIPCIÓN FÍSICA
Extensión 226 p ;
Otras características físicas il., gráf. ;
Dimensiones 23 cm.
490 ## - MENCIÓN DE SERIE
Mención de serie Ciudadanía y políticas públicas
500 ## - NOTA GENERAL
Nota general Incluye referencias bibliográficas y notas al pie de las páginas.
500 ## - NOTA GENERAL
Nota general Incluye bibliografía al final de los capítulos.
500 ## - NOTA GENERAL
Nota general Incluye datos de los autores.
505 ## - NOTA DE CONTENIDO CON FORMATO
Nota de contenido con formato Presentación --
Título Garantía de los derechos sociales fundamentales en la Constitución dominicana /
Mención de responsabilidad Amaury A. Reyes-Torres --
Título El transporte público de pasajeros: ¿Un derecho constitucionalmente protegido? /
Mención de responsabilidad Thiaggo Marrero Peralta --
Título El acceso al agua en la República Dominicana : servicio público y derecho fundamental /
Mención de responsabilidad Manuel Alejandro Rodríguez --
Título Hoy por mí, mañana por mí: reelección presidencial y cambios constitucionales en la República Dominicana desde la óptica del análisis económico del derecho /
Mención de responsabilidad Shyam David Fernández Vidal --
590 ## - NOTA LOCAL (RLIN)
Nota local Inventariado, 2022 /LP<br/><br/>
650 #0 - PUNTO DE ACCESO ADICIONAL DE MATERIA--TÉRMINO DE MATERIA
Término de materia o nombre geográfico como elemento de entrada Estado
9 (RLIN) 726
651 #4 - PUNTO DE ACCESO ADICIONAL DE MATERIA--NOMBRE GEOGRÁFICO
Nombre geográfico República Dominicana
Subdivisión general Derecho constitucional
9 (RLIN) 9303
700 1# - PUNTO DE ACCESO ADICIONAL--NOMBRE DE PERSONA
Nombre de persona Marrero Peralta, Thiaggo
9 (RLIN) 81047
700 1# - PUNTO DE ACCESO ADICIONAL--NOMBRE DE PERSONA
Nombre de persona Reyes-Torres, Amaury A.
9 (RLIN) 81048
700 1# - PUNTO DE ACCESO ADICIONAL--NOMBRE DE PERSONA
Nombre de persona Rodríguez, Manuel Alejandro
9 (RLIN) 81049
700 1# - PUNTO DE ACCESO ADICIONAL--NOMBRE DE PERSONA
Nombre de persona Brea, Ramonina
9 (RLIN) 8319
700 1# - PUNTO DE ACCESO ADICIONAL--NOMBRE DE PERSONA
Nombre de persona Acevedo, Brennedy,
Fechas asociadas al nombre ed.
9 (RLIN) 81050
700 1# - PUNTO DE ACCESO ADICIONAL--NOMBRE DE PERSONA
Nombre de persona Calzado, Betzaida,
Fechas asociadas al nombre ed.
9 (RLIN) 81051
830 ## - PUNTO DE ACCESO ADICIONAL DE SERIE-TÍTULO UNIFORME
Título uniforme Ciudadanía y políticas públicas
9 (RLIN) 19938
910 ## - DATOS DE OPCIÓN DEL USUARIO (OCLC)
Datos de opción del usuario Lopérez./Validado. Control de calidad MFF
942 ## - ELEMENTOS DE PUNTO DE ACCESO ADICIONAL (KOHA)
Fuente del sistema de clasificación o colocación Dewey Decimal Classification
Tipo de ítem Koha Libro
Existencias
Estado de retiro Estado de pérdida Fuente del sistema de clasificación o colocación Restricciones de uso No para préstamo Código de colección Localización permanente Ubicación/localización actual Ubicación en estantería Fecha de adquisición Fuente de adquisición Total de préstamos Signatura topográfica completa Código de barras Fecha visto por última vez Precio válido a partir de Tipo de ítem Koha Número de copia
    Dewey Decimal Classification Excluido de préstamo   Patrimonio Dominicano Biblioteca Nacional Pedro Henríquez Ureña Biblioteca Nacional Pedro Henríquez Ureña Depósito 31.01.2022 Depósito Legal   BNPHU PD 342.7293 F363e 2022-0354 31.01.2022 31.01.2022 Libro  
    Dewey Decimal Classification Excluido de préstamo   Patrimonio Dominicano Biblioteca Nacional Pedro Henríquez Ureña Biblioteca Nacional Pedro Henríquez Ureña Depósito 31.01.2022 Depósito Legal   BNPHU PD 342.7293 F363e 2022-0355 31.01.2022 31.01.2022 Libro e.2
    Dewey Decimal Classification Préstamo en sala   Dominicana de Servicio Biblioteca Nacional Pedro Henríquez Ureña Biblioteca Nacional Pedro Henríquez Ureña Depósito 31.01.2022 Depósito Legal   BNPHU PD 342.7293 F363e 2022-0356 31.01.2022 31.01.2022 Libro e.3

Con tecnología Koha